000 01129nam a22003497a 4500
001 BR2019000733
003 BR-BrBNA
005 20230928105423.0
007 ta
008 230509b bl.||||| |||| 00| 0 por d
020 _a85-89559-01-7
040 _aBR-BrBNA
_bpor
_cBiblioteca Nacional de Agricultura
041 _a(Spa)
072 _aF30
090 _ F30 BR2019000733
100 1 _aLajolo, F.M.
100 1 _aNutti, M.R.
110 1 _aSociedade Brasileira de Alimentação e Nutrição, São Paulo, SP (Brasil)
_99630
245 1 _aTransgénicos: bases científicas de su inocuidad alimentária
260 3 _aSão Paulo, SP (Brasil):
_c2006.
300 _a111 p.
500 _aBibliography p. 102-109 (107 ref.); 13 illus.; 8 tables; Translation of: Transgênicos: bases científicas da sua segurança
650 _aALIMENTO TRANSGÊNICO
650 _aBIOLOGIA MOLECULAR
650 _aBIOTECNOLOGIA
650 _aENGENHARIA GENÉTICA
650 _aORGANISMO TRANSGÊNICO
650 _aPLANTA TRANSGÊNICA
650 _aSEGURANÇA ALIMENTAR
909 _a202309
_bLucia
_c55
_dLucia Elande
942 _cBK
999 _c85060
_d85060